000 00859nam a22001697a 4500
003 SGT
020 _a9788131731574
082 _a519.5, LEV
100 _aLEVINE,DAVID M
245 _aBUSINESS STATISTICS: A FIRST COURSE
250 _a5TH
260 _aNEW DELHI
_bPEARSON
_c2011
300 _a665
650 _aPROBABILITIES & APPLIED MATHEMATICS
653 _aINTRODUCTION AND DATA COLLECTION PRESENTING DATA IN TABLES AND CHARTS NUMERICAL DESCRIPTIVE MEASURES BASIC PROBABILITY DISCRETE PROBABILITY DISTRIBUTIONS THE NORMAL DISTRIBUTION SAMPLING AND SAMPLING DISTRIBUTIONS CONFIDENCE INTERVAL ESTIMATION FUNDAMENTALS OF HYPOTHESIS TESTING: ONE-SAMPLE TESTS TWO-SAMPLE TESTS AND ONE-WAY ANOVA CHI-SQUARE TESTS SIMPLE LINEAR REGRESSION MULTIPLE REGRESSION STATISTICAL APPLICATIONS IN QUALITY MANAGEMENT DECISION ANALYSIS FORECASTING
942 _2ddc
_cFCM
_018
999 _c8861
_d8861